00519nam a2200181Ia 4500008004100000020001800041082001700059100003100076245002400107250000600131260002800137300001700165500002400182650001000206942000700216952009700223999001700320230524s9999 xx 000 0 und d a9780198069189 a624.171bTHA aT.S.Thandavamoorthy942628 0aStructural Analysis a4 aNew DelhibOxfordc2013 a"XIX,1329p;" aQuantity Number: 1 aCivil cBK 00104070aTATCLbTATCLcGENd2023-05-24l0o624.171 THAp54021r2023-05-24w2023-05-24yBK c57639d57639